书目信息 |
| 题名: |
主旋律
|
|
| 作者: | 徐元君 , 李淑清 著 | |
| 分册: | ||
| 出版信息: | 沈阳 东北大学出版社 2014.10 |
|
| 页数: | 193页 | |
| 开本: | 24cm | |
| 丛书名: | ||
| 单 册: | ||
| 中图分类: | D647 | |
| 科图分类: | ||
| 主题词: | 爱国主义教育--Ai Guo Zhu Yi Jiao Yu--音乐教育--研究--中国 , 音乐教育--Yin Le Jiao Yu , 研究--Yan Jiu , 中国--Zhong Guo | |
| 电子资源: | ||
| ISBN: | 978-7-5517-0778-7 | |
| 000 | 01143nam0 22002891 450 | |
| 001 | 350709 | |
| 005 | 20161011142825.64 | |
| 010 | @a978-7-5517-0778-7@dCNY36.00 | |
| 100 | @a20141120d2014 em y0chiy0110 ea | |
| 101 | 0 | @achi |
| 102 | @aCN@b210000 | |
| 105 | @ag z 000yy | |
| 106 | @ar | |
| 200 | 1 | @a主旋律@AZhu Xuan Lv@e爱国主义教育与音乐艺术研究@f徐元君,李淑清著 |
| 210 | @a沈阳@c东北大学出版社@d2014.10 | |
| 215 | @a193页@d24cm | |
| 330 | @a《主旋律——爱国主义教育与音乐艺术研究》一书包括:爱国主义教育的内涵与音乐艺术;爱国主义的特征与音乐艺术、爱国主义教育的实践与音乐艺术、中华民族优秀传统文化中的爱国主义教育与音乐艺术、中华民族凝聚力、爱国主义教育与音乐艺术、爱国主义教育实施的途径和方法。 | |
| 517 | 1 | @a爱国主义教育与音乐艺术研究@AAi Guo Zhu Yi Jiao Yu Yu Yin Le Yi Shu Yan Jiu |
| 606 | 0 | @a爱国主义教育@AAi Guo Zhu Yi Jiao Yu@x音乐教育@x研究@y中国 |
| 606 | 0 | @a音乐教育@AYin Le Jiao Yu |
| 606 | 0 | @a研究@AYan Jiu |
| 606 | 0 | @a中国@AZhong Guo |
| 690 | @aD647@v5 | |
| 701 | 0 | @a徐元君@AXu Yuan Jun@4著 |
| 701 | 0 | @a李淑清@ALi Shu Qing@4著 |
| 801 | 0 | @aCN@bTANGWEI@c20160808 |
| 905 | @b0891390-4@dD647@e178@f5 | |
| 主旋律:爱国主义教育与音乐艺术研究/徐元君,李淑清著.-沈阳:东北大学出版社,2014.10 |
| 193页;24cm |
| ISBN 978-7-5517-0778-7:CNY36.00 |
| 《主旋律——爱国主义教育与音乐艺术研究》一书包括:爱国主义教育的内涵与音乐艺术;爱国主义的特征与音乐艺术、爱国主义教育的实践与音乐艺术、中华民族优秀传统文化中的爱国主义教育与音乐艺术、中华民族凝聚力、爱国主义教育与音乐艺术、爱国主义教育实施的途径和方法。 |
| ● |
| 相关链接 |
|
|
|
|
正题名:主旋律
索取号:D647/178
 
预约/预借
| 序号 | 登录号 | 条形码 | 馆藏地/架位号 | 状态 | 备注 |
| 1 | 0891390 | 208913906 | 第一样本阅览室/ [索取号:D647/178] | 在馆 | |
| 2 | 0891391 | 208913915 | 第一借阅区/ [索取号:D647/178] | 在馆 | |
| 3 | 0891392 | 208913924 | 第一借阅区/ [索取号:D647/178] | 在馆 | |
| 4 | 0891393 | 208913933 | 第一借阅区/ [索取号:D647/178] | 在馆 | |
| 5 | 0891394 | 208913942 | 第一借阅区/ [索取号:D647/178] | 在馆 |